000 00658nam a2200253Ia 4500
003 OSt
005 20221007103611.0
006 a|||||r|||| 00| 0
007 ta
008 221006b |||||||| |||| 00| 0 eng d
020 _a0761997792
024 _a13,561
037 _cTextual
040 _aLCO
_cLCO
_beng
041 _2eng
_aeng
082 _aY15:4:6, P4
100 _aSumi Krishna
_9454346
245 0 _aLivelihood and Gender
260 _aNew
_bDelhi Sage Publications India
_c2004
300 _a452
650 _aLIVELIHOOD AND GENDER
_9705316
942 _hY15:4:6, P4
_cTEXL
999 _c1183124
_d1183124